[Event "45th Olympiad 2024"]
[Site "Budapest HUN"]
[Date "2024.09.15"]
[Round "5.35"]
[Board "1"]
[White "Rakotomaharo, Fy Antenaina"]
[Black "Sipila, Vilka"]
[Result "1-0"]
[WhiteElo "2440"]
[BlackElo "2462"]
[PlyCount "61"]
[EventDate "2024.09.11"]
[WhiteTeam "Madagascar"]
[BlackTeam "Finland"]
[WhiteTeamCountry "MAD"]
[BlackTeamCountry "FIN"]

1. e4 c5 2. Nf3 d6 3. d4 cxd4 4. Nxd4 Nf6 5. Nc3 a6 6. h3 e5 7. Nb3 Be6 8. Be3 Be7 9. Qf3 O-O 10. O-O-O b5 11. g4 b4 12. Nd5 Nxd5 13. exd5 Bc8 14. Nd2 $146 ({RR} 14. Bd3 a5 15. Kb1 Ba6 16. h4 Qc7 17. Qe4 Bxd3 18. cxd3 Nd7 19. Rc1 Qb7 20. Bg5 f6 21. Be3 a4 22. Nd2 f5 23. gxf5 Nf6 24. Qg2 a3 25. Rhg1 Rf7 26. b3 Qxd5 27. Qxd5 Nxd5 28. Ne4 Rxf5 {1-0 Alonso,S (2521)-Mareco,S (2580) Montevideo zt 2.5 2013 (4)}) ({RR} 14. Bd3 Nd7 15. Nd2 Qa5 16. Kb1 Bb7 17. Qf5 Nf6 18. g5 g6 19. gxf6 gxf5 20. fxe7 f4 21. Rhg1+ Kh8 22. Nc4 Qxd5 23. exf8=Q+ Rxf8 24. Be2 Qe6 25. Rxd6 Qc8 26. Bb6 f6 27. b3 Be4 28. Bg4 Bf5 {1-0 Djukic,N (2521)-Djukanovic,S (2068) 76th ch-MNE 2024 (1.3)}) 14... f5 15. gxf5 Bxf5 16. Ne4 a5 17. Bd3 a4 18. Nf6+ Rxf6 19. Bxf5 b3 20. a3 Qf8 21. Be6+ Kh8 22. Qg4 Na6 23. Qxa4 Nc5 24. Qc4 bxc2 25. Rd2 Ra5 26. Rxc2 Qa8 27. Rd1 Nxe6 28. dxe6 d5 29. Qc7 Qd8 30. Qxd8+ Bxd8 31. Bg5 1-0

[Event "45th Olympiad 2024"]
[Site "Budapest HUN"]
[Date "2024.09.15"]
[Round "5.35"]
[Board "2"]
[White "Agopov, Mikael"]
[Black "Razanadrakotoarisoa, Toavina"]
[Result "1-0"]
[WhiteElo "2451"]
[BlackElo "2147"]
[PlyCount "51"]
[EventDate "2024.09.11"]
[WhiteTeam "Finland"]
[BlackTeam "Madagascar"]
[WhiteTeamCountry "FIN"]
[BlackTeamCountry "MAD"]

1. e4 c5 2. Nf3 e6 3. d4 cxd4 4. Nxd4 Nc6 5. Nc3 Qc7 6. Be3 a6 7. Qf3 Nf6 8. O-O-O Be7 9. Be2 d6 10. g4 Nxd4 11. Rxd4 e5 ({RR} 11... b5 12. g5 Nd7 13. Qg3 Bb7 14. h4 Rc8 15. Kb1 Qa5 16. Bd2 Qb6 17. Qe3 O-O 18. g6 hxg6 19. h5 g5 20. h6 g6 21. h7+ Kh8 22. a4 Bf6 23. Rb4 Qc5 24. Na2 Qxc2+ 25. Ka1 Qc5 26. Qf3 {0-1 Firouzja,A (2682)-Fedorchuk,S (2620) FRA-ch rapid 2019 (6)}) 12. Rc4 Qd8 $146 ({RR} 12... Qa5 13. Ra4 Qc7 14. g5 Nd7 15. Nd5 Qd8 16. h4 b6 17. Rc4 O-O 18. Qg3 Nc5 19. Bxc5 bxc5 20. h5 Bxg5+ 21. Kb1 Be6 22. Rg1 Bxd5 23. exd5 h6 24. Bd3 Qf6 25. Qg4 Bf4 26. Qf3 Qe7 27. Qh3 {½-½ Zhong,K (2067)-Kagle,S Le Blanc et Noir Gp-A op 2020 (3)}) ({RR} 12... Qa5 13. g5 Bg4 14. Qg2 Bxe2 15. Ra4 Qc7 16. gxf6 Bxf6 17. Nxe2 b5 18. Rb4 Rb8 19. Nc3 Qc6 20. Nd5 a5 21. Rb3 b4 22. Kb1 Qc4 23. c3 a4 24. Rxb4 Rxb4 25. cxb4 {1-0 Vettese,N (2247)-Liang,J (2020) North American-ch U20 2019 (5)}) 13. g5 Ng4 14. Rxc8 Rxc8 15. Qxg4 O-O 16. Nd5 Rc6 17. h4 Re8 18. h5 Qc8 19. Qxc8 Rcxc8 20. g6 Bd8 21. Rh3 fxg6 22. hxg6 h6 23. Bg4 Rb8 24. Bd7 Rf8 25. Be6+ Kh8 26. Bf7 1-0

[Event "45th Olympiad 2024"]
[Site "Budapest HUN"]
[Date "2024.09.15"]
[Round "5.35"]
[Board "3"]
[White "Andrianiaina, Heritiana"]
[Black "Lahdelma, Henri"]
[Result "0-1"]
[WhiteElo "2149"]
[BlackElo "2331"]
[PlyCount "110"]
[EventDate "2024.09.11"]
[WhiteTeam "Madagascar"]
[BlackTeam "Finland"]
[WhiteTeamCountry "MAD"]
[BlackTeamCountry "FIN"]

1. d4 d5 2. c4 e6 3. Nc3 a6 4. cxd5 exd5 5. Nf3 Nf6 6. Bg5 Be6 7. e3 Nbd7 8. Bd3 Bd6 9. Qc2 h6 10. Bh4 c6 11. Bg3 Bxg3 12. hxg3 Qe7 13. O-O O-O 14. Rab1 Rfc8 $146 ({RR} 14... Qd6 15. Rfc1 Ng4 16. Na4 Rae8 17. b4 Ndf6 18. Nc5 Bc8 19. a4 Re7 20. b5 axb5 21. axb5 cxb5 22. Rxb5 Rfe8 23. Qb2 Nxf2 24. Qxf2 Ng4 25. Qd2 Rxe3 26. Ne5 f6 27. Nxb7 Bxb7 28. Nxg4 Rxg3 29. Nxh6+ {1-0 Safin,T (2260)-Smirnov,A (2397) E G Zudov Memorial 2023 (4.4)}) ({RR} 14... a5 15. a4 g6 16. Ne2 Ne8 17. Nf4 Qf6 18. Rbe1 Nd6 19. Ne5 Rfd8 20. g4 Nxe5 21. dxe5 Qxe5 22. Bxg6 Bxg4 23. Bd3 Kh8 24. f3 Bf5 25. Kf2 d4 26. g3 Bxd3 27. Nxd3 dxe3+ 28. Rxe3 Qd4 29. Ne5 {1-0 Nguyen,H (2019)-Le,H (2248) VIE-ch Tinh Bac Giang 2022 (5)}) 15. Rfc1 Bg4 16. Na4 g6 17. Nc5 Nxc5 18. Qxc5 Qxc5 19. Rxc5 Bxf3 20. gxf3 Kf8 21. Kg2 Ke7 22. Rh1 h5 23. Rh4 b6 24. Rc3 Kd6 25. Rh1 Rc7 26. e4 Kd7 27. Rhc1 Raa7 28. e5 Ne8 29. e6+ Kxe6 30. Rxc6+ Kd7 31. Rxc7+ Nxc7 32. Bc2 Ne6 33. Bb3 Kd6 34. Rc8 Rd7 35. Ra8 Nxd4 36. Rxa6 Kc5 37. Bd1 Nc6 38. a3 Re7 39. Ba4 Rb7 40. Ra8 Kd6 41. Bxc6 Kxc6 42. Kf1 Re7 43. f4 Kc5 44. Rc8+ Kd4 45. Rc3 Re6 46. a4 f6 47. Ra3 Kc4 48. a5 bxa5 49. Rxa5 d4 50. Ra1 Rb6 51. Rc1+ Kd5 52. Rb1 d3 53. Ke1 Rb3 54. f3 Kd4 55. Kd2 f5 0-1

[Event "45th Olympiad 2024"]
[Site "Budapest HUN"]
[Date "2024.09.15"]
[Round "5.36"]
[Board "3"]
[White "Vazquez, Facundo"]
[Black "Yang, ching Wei"]
[Result "1-0"]
[WhiteElo "2388"]
[BlackElo "2121"]
[PlyCount "103"]
[EventDate "2024.09.11"]
[WhiteTeam "Uruguay"]
[BlackTeam "Chinese Taipei"]
[WhiteTeamCountry "URU"]

1. d4 {Huebner,Robert} d5 2. c4 c6 3. Nf3 Nf6 4. g3 Bf5 5. Qb3 Qb6 6. c5 Qxb3 7. axb3 e6 ({RR} 7... Na6 8. Bd2 Ne4 9. e3 Nxd2 10. Kxd2 Nc7 ({RR} 10... Nb4) 11. Nc3 f6 12. b4 a6 13. Nh4 Bd7 14. Na4 Rd8 15. Nb6 g6 16. Bd3 e5 17. f4 e4 18. Be2 f5 19. Rhc1 Be7 20. Ng2 Be6 21. h3 Kf7 22. Rh1 {½-½ Adianto,U (2605)-Piket,J (2580) Donner Memorial 1996 (10)}) 8. Nc3 Be7 9. Bf4 O-O ({RR} 9... Na6 10. Rxa6 bxa6 11. e3 Nh5 12. Bc7 Kd7 13. Ba5 f6 14. Bxa6 Rab8 15. Nd2 g5 16. f3 Bg6 17. Kf2 Ng7 18. b4 Bd8 19. Bxd8 Rhxd8 20. b5 Be8 21. Ra1 Kc7 22. Ra5 cxb5 23. Bxb5 Rb7 24. Bxe8 {1-0 Ambartsumova,K (2418)-Mestnikov,A (2086) Titled Tue 27th Feb Early 2024 (9)}) 10. Bg2 $146 ({RR} 10. b4 Ne4 11. Nd2 Nxc3 12. bxc3 Nd7 13. Bg2 g5 14. Be3 b6 15. O-O Rfb8 16. Ra3 bxc5 17. dxc5 e5 18. Nb3 Nf8 19. Rfa1 Rb7 20. Na5 Rc7 21. Nxc6 Rxc6 22. Bxd5 Rac8 23. Bxc6 Rxc6 24. Rxa7 Bf6 {1-0 Ambartsumova,K (2382)-Gunina,V (2471) Motiva Online Blitz (Women) 2021 (13)}) ({RR} 10. Ne5 Nbd7 11. b4 a6 12. f3 Nxe5 13. Bxe5 Nd7 14. Bf4 Bg6 15. h4 h6 16. e3 Rfe8 17. g4 Bf8 18. Bg3 e5 19. Kf2 h5 20. g5 exd4 21. exd4 Bf5 22. Bh3 Bxh3 23. Rxh3 g6 24. Rd1 Bg7 {1-0 Ambartsumova,K (2393)-Nasuta,G (2552) Titled Tue 11th Jul Early 2023 (9)}) 10... h6 11. b4 Ne4 12. Ne5 Nxc3 13. bxc3 f6 14. Nd3 Nd7 15. O-O a6 16. Rfe1 g5 17. Bd2 Bxd3 18. exd3 Kf7 19. Bf3 f5 20. Bh5+ Kf6 21. Re2 Rh8 22. c4 Rhd8 23. Bc3 Nf8 24. Bf3 Kf7 25. Rb2 Bf6 26. b5 axb5 27. Rxa8 Rxa8 28. cxb5 cxb5 29. Rxb5 Ra7 30. Bh5+ Kg7 31. Be8 Bd8 32. Kf1 Ng6 33. Bd7 Ne7 34. Bxe6 Kf6 35. Bd7 Bc7 36. Ke1 Bd8 37. Kd1 Ra3 38. Kc2 Ra7 39. Kb2 Kg6 40. Rb3 Kh5 41. f3 Kg6 42. Ra3 Rxa3 43. Kxa3 Bc7 44. Ka4 h5 45. Be8+ Kh6 46. Ba5 Bb8 47. Bd8 Nc6 48. Bxc6 bxc6 49. Ka5 h4 50. gxh4 g4 51. Bg5+ Kh5 52. f4 1-0

[Event "45th Olympiad 2024"]
[Site "Budapest HUN"]
[Date "2024.09.15"]
[Round "5.38"]
[Board "2"]
[White "Ahmed Hassan"]
[Black "Chinguun, Sumiya"]
[Result "0-1"]
[WhiteElo "2234"]
[BlackElo "2389"]
[PlyCount "96"]
[EventDate "2024.09.11"]
[WhiteTeam "Sudan"]
[BlackTeam "Mongolia"]
[WhiteTeamCountry "SUD"]
[BlackTeamCountry "MGL"]

1. e4 c5 2. Nf3 d6 3. Bb5+ Bd7 4. Bxd7+ Qxd7 5. O-O Nc6 6. c3 Nf6 7. d4 Nxe4 8. d5 Nb8 9. Re1 Nf6 10. c4 g6 11. Nc3 Bg7 12. Qe2 Na6 13. Nb5 $146 ({RR} 13. Bg5 h6 14. Bh4 g5 15. Bg3 Nh5 16. Nb5 Nxg3 17. hxg3 Bf6 18. Nh2 h5 19. g4 h4 20. Rad1 Nc7 21. Nxc7+ Qxc7 22. Rd3 O-O-O 23. a3 Kb8 24. Rb1 Rhe8 25. Rf3 Rf8 26. b4 Rc8 27. Rfb3 cxb4 {0-1 Shepley,J (1997)-Porter,S (1991) Crawley e2e4 Gatwick op U2050 2016 (3)}) ({RR} 13. Rb1 b6 14. a3 Rb8 15. b4 Rb7 16. Bb2 O-O 17. Ne4 Nxe4 18. Bxg7 Kxg7 19. Qxe4 Re8 20. Ng5 Rbb8 21. Rb3 Rf8 22. Rh3 Rh8 23. Qh4 Kg8 24. Qh6 Nc7 25. Rf3 f6 26. Rfe3 Re8 27. Ne4 Kf7 {1-0 Chanoine,G (2276)-Fomichenko,E (2458) Avoine op 25th 2010 (4)}) 13... Nc7 14. Qxe7+ Qxe7 15. Nxc7+ Kd7 16. Rxe7+ Kxe7 17. Nxa8 Rxa8 18. Bf4 h6 19. a4 Kd7 20. Re1 a6 21. a5 Rb8 22. Bd2 b5 23. axb6 Rxb6 24. Bc3 Ne8 25. Bxg7 Nxg7 26. Re2 Rb3 27. Ne1 Nf5 28. Nf3 Nd4 29. Nxd4 cxd4 30. Rd2 d3 31. f3 Kc7 32. Kf2 Kb6 33. Ke3 Kc5 34. Rd1 Kxc4 35. Ra1 Rxb2 36. Ra4+ Kxd5 37. g4 Rxh2 38. Kxd3 h5 39. gxh5 gxh5 40. Rxa6 h4 41. Ra5+ Ke6 42. Rh5 h3 43. Ke3 d5 44. f4 Rh1 45. Kf2 d4 46. Re5+ Kd6 47. Rf5 d3 48. Ke3 h2 0-1

[Event "45th Olympiad 2024"]
[Site "Budapest HUN"]
[Date "2024.09.15"]
[Round "5.39"]
[Board "3"]
[White "Saif, Malek"]
[Black "Hossain, Enamul"]
[Result "0-1"]
[WhiteElo "2162"]
[BlackElo "2354"]
[PlyCount "126"]
[EventDate "2024.09.11"]
[WhiteTeam "Jordan"]
[BlackTeam "Bangladesh"]
[WhiteTeamCountry "JOR"]
[BlackTeamCountry "BAN"]

1. e4 c5 2. Nf3 e6 3. d4 cxd4 4. Nxd4 Nc6 5. Nc3 a6 6. a3 Qc7 7. g3 Nf6 8. Bg2 Nxd4 9. Qxd4 Bc5 10. Qd3 ({RR} 10. Bf4 d6 11. Qd2 Ng4 12. O-O Ne5 13. Na4 Ba7 14. b3 b5 15. Nb2 Bb7 16. c4 O-O 17. Rac1 Qe7 18. c5 Rfd8 19. Qc3 f6 20. Bxe5 dxe5 21. b4 Bc6 22. Rfd1 Rac8 23. h4 g6 24. Kh2 Bb8 {0-1 Faizulaev,A (2354)-Begmuratov,K (2385) ch-UZB 2024 Tashkent UZB (10.3)}) 10... Ng4 ({RR} 10... h5 11. h3 b5 12. Bf4 d6 13. O-O-O e5 14. Be3 Be6 15. f4 Rc8 16. Bxc5 dxc5 17. Nd5 Qd8 18. Qc3 exf4 19. Nxf4 Qe7 20. e5 Nd7 21. Rd6 h4 22. Rhd1 Qg5 23. Kb1 b4 24. axb4 Nxe5 25. Nxe6 {1-0 Maghsoodloo,P (2707)-Klekowski,M (2477) Titled Tue 19th Sep Late 2023 (11)}) 11. Nd1 $146 ({RR} 11. O-O h5 12. h3 Ne5 13. Qe2 b5 14. Bf4 Bb7 15. Rad1 f6 16. Kh2 g5 17. Bxe5 fxe5 18. Kg1 h4 19. Kh2 O-O-O 20. Bf3 Rdf8 21. Bg4 Kb8 22. Kg2 Bd4 23. Rd3 Rf6 24. gxh4 Rxh4 25. f3 Qc6 {0-1 Gedgafov,C (2154)-Shahaliyev,I (2413) Titled Tuesday intern op 02nd Feb blitz 2021 (1)}) ({RR} 11. O-O b5 12. h3 Ne5 13. Qe2 Bb7 14. Bf4 d6 15. Bxe5 dxe5 16. Nd1 O-O 17. Re1 Rad8 18. c3 Rd7 19. Ne3 f5 20. Rad1 Rxd1 21. Nxd1 f4 22. Qg4 Rf6 23. Qf3 Rg6 24. g4 h5 25. Qe2 hxg4 {0-1 Wiesinger,J-Kosmac,B Finkenstein op 1997}) 11... b5 12. Qe2 h5 13. h3 Ne5 14. Ne3 Bb7 15. O-O h4 16. g4 Ng6 17. Rd1 Nf4 18. Qf1 Qe5 19. Re1 Bd6 20. Bf3 Bxe4 21. Bxe4 Qxe4 22. f3 Qe5 23. Bd2 Ng6 24. Re2 Qxb2 25. Ng2 Qd4+ 26. Be3 Qc4 27. f4 Ne7 28. Rd1 Bxa3 29. f5 Nd5 30. Qf3 O-O 31. f6 Nxf6 32. g5 Qe4 33. Qf2 Nd5 34. Rd4 Qe5 35. Bc1 Qd6 36. Bxa3 Qxa3 37. Qxh4 Rac8 38. Kh2 Qd6+ 39. Kg1 Rc3 40. Red2 Qc5 41. Kh1 Rxc2 42. R2d3 Rc1+ 43. Kh2 Qc7+ 44. Rg3 Ne7 45. Ne3 Rc3 46. g6 Nxg6 47. Qg5 Qe5 48. Qxe5 Nxe5 49. Nd5 Rc2+ 50. Kh1 exd5 51. Rxd5 Re8 52. Re3 f6 53. h4 Kh7 54. Rd1 Rec8 55. h5 Rc1 56. Ree1 Rxd1 57. Rxd1 Rc2 58. Rf1 b4 59. h6 Kxh6 60. Rb1 Nf3 61. Rb2 b3 62. Ra2 Rh2+ 63. Rxh2+ Nxh2 0-1

[Event "45th Olympiad 2024"]
[Site "Budapest HUN"]
[Date "2024.09.15"]
[Round "5.40"]
[Board "1"]
[White "Al-Ali, Hussein Ali Hussein"]
[Black "Nielsen, Hogni Egilstoft"]
[Result "0-1"]
[WhiteElo "2122"]
[BlackElo "2379"]
[PlyCount "98"]
[EventDate "2024.09.11"]
[WhiteTeam "Iraq"]
[BlackTeam "Faroe Islands"]
[WhiteTeamCountry "IRQ"]
[BlackTeamCountry "FAI"]

1. e4 e5 2. Nf3 Nc6 3. Nc3 Nf6 4. g3 d5 5. exd5 Nxd5 6. Bg2 Nxc3 7. bxc3 Bd6 8. O-O O-O 9. d3 h6 10. Rb1 Rb8 11. Nd2 ({RR} 11. Re1 Re8 12. h3 Be6 13. a4 Qd7 14. Kh2 b6 15. d4 exd4 16. cxd4 Bd5 17. Be3 Na5 18. Qd3 Qc6 19. Bd2 Nc4 20. Rb5 Nxd2 21. Qxd2 Bxf3 22. d5 Qc4 23. Bxf3 Qxa4 24. Rb3 Rxe1 25. Qxe1 Re8 {0-1 Hou,Y (2650)-Radjabov,T (2747) Chess.com Rapid CGC KO 2022 (1.4)}) 11... Be6 ({RR} 11... Bd7 12. Nc4 Re8 13. Nxd6 cxd6 14. c4 b6 15. f4 Qc7 16. f5 Qc8 17. Qg4 Kh8 18. Qh5 Kh7 19. Qxf7 {1-0 Bartel,M (2657)-Kiolbasa,O (2386) chess.com Speed Poland 2024 (1.15)}) 12. a4 $146 ({RR} 12. c4 Qd7 13. Ne4 Be7 14. Be3 b6 15. f4 exf4 16. Bxf4 Rbd8 17. Kh1 Nd4 18. Nc3 Bd6 19. Bxd6 Qxd6 20. Qc1 Rfe8 21. Nb5 Nxb5 22. Rxb5 c5 23. Rb1 Bd7 24. Qd2 Bc6 25. Rbe1 Bxg2+ 26. Qxg2 Re7 {½-½ Sulashvili,M (2254)-Radulski,J (2501) EU-ch 3rd Batumi 2002 (4)}) ({RR} 12. Nc4 Bxc4 13. dxc4 Na5 14. Qh5 c6 15. c5 Bxc5 16. Qxe5 Qe7 17. Qh5 Rfe8 18. Bf4 Rbd8 19. h4 b6 20. Bf3 Qf6 21. Qg4 Bd6 22. Be3 Nc4 23. Bd4 Be5 24. Rbd1 c5 25. Be2 Nd6 26. Be3 Bxc3 {1-0 Ask,J (2120)-Rostgaard,T (2327) Vaxjo Nordic zt 2017 (9)}) 12... Qd7 13. Ne4 Be7 14. Be3 b6 15. f4 f5 16. Nd2 Bf6 17. c4 Rbd8 18. h3 Na5 19. Rb5 e4 20. Qe1 Bc3 21. Rf2 Rfe8 22. Bf1 a6 23. Rb1 Qxa4 24. Qc1 Bf7 25. dxe4 fxe4 26. c5 b5 27. Nb3 Nxb3 28. cxb3 Qb4 29. Rc2 Bd4 30. Kh2 Bxe3 31. Qxe3 c6 32. Bg2 Rd3 33. Qe1 Qxe1 34. Rxe1 Bxb3 35. Rce2 Bd5 36. Ra1 Ra8 37. g4 Rd4 38. Ra5 Kf7 39. Re3 Rc4 40. Kg3 Kf6 41. h4 g5 42. hxg5+ hxg5 43. Ra1 a5 44. Rh1 a4 45. fxg5+ Ke5 46. g6 a3 47. g7 a2 48. Ree1 Rc3+ 49. Kh4 Rg8 0-1

[Event "45th Olympiad 2024"]
[Site "Budapest HUN"]
[Date "2024.09.15"]
[Round "5.40"]
[Board "2"]
[White "Egilstoft, Rogvi"]
[Black "Zozek Salah Mohammed"]
[Result "1-0"]
[WhiteElo "2278"]
[BlackElo "2180"]
[PlyCount "113"]
[EventDate "2024.09.11"]
[WhiteTeam "Faroe Islands"]
[BlackTeam "Iraq"]
[WhiteTeamCountry "FAI"]
[BlackTeamCountry "IRQ"]

1. e4 e6 2. Nf3 d5 3. Nc3 Nf6 4. e5 Nfd7 5. d4 c5 6. dxc5 Bxc5 7. Bd3 Nc6 8. Bf4 f6 9. exf6 Nxf6 10. O-O O-O 11. Qe2 Bd6 ({RR} 11... a6 12. Ne5 Nxe5 13. Bxe5 Bd7 14. Kh1 Qe8 15. Rae1 Qf7 16. f4 Rae8 17. Nd1 Bc6 18. Nf2 Qh5 19. Qxh5 Nxh5 20. Ng4 Nf6 21. h3 Bb5 22. Rf3 Bxd3 23. cxd3 Nxg4 24. hxg4 Rc8 25. Kh2 Bb4 26. Re2 {½-½ Cherniaev,A (2437)-Baburin,A (2584) Monarch Assurance 10th 2001 (8)}) 12. Bxd6 Qxd6 13. Nb5 $146 ({RR} 13. Rae1 Bd7 14. Nb5 Qf4 15. Ne5 Nxe5 16. Qxe5 Qxe5 17. Rxe5 Bxb5 18. Bxb5 Kf7 19. Rfe1 a6 20. Bd3 Rfe8 21. c4 Rac8 22. cxd5 exd5 23. f3 Rxe5 24. Rxe5 Rc1+ 25. Kf2 Rd1 26. Bc2 Rd2+ 27. Re2 Rd4 {½-½ Diyap,M (2093)-Wege,J (2294) Oberliga Ost-B 1718 2017 (1.3)}) ({RR} 13. Rfe1 Bd7 14. Nb5 Qf4 15. Ne5 Nxe5 16. Qxe5 Ne4 17. Qxf4 Rxf4 18. Bxe4 Bxb5 19. Bd3 Bd7 20. Rad1 Raf8 21. f3 R8f6 22. Rd2 g5 23. h3 Kg7 24. Re5 h6 25. Re3 Rf8 26. b3 b5 27. Re1 Rc8 {0-1 Montilla Rodriguez,A (1473)-Cordomi Forns,F (1886) IV Llinars Int Open 2024 (5.34)}) ({RR} 13. Rad1 Qf4 14. Rfe1 Bd7 15. a3 Rae8 16. Qd2 Qxd2 17. Rxd2 d4 18. Ne4 e5 19. Nd6 Re7 20. Bb5 Rb8 21. b3 Kf8 22. Bxc6 bxc6 23. Rxe5 c5 24. Rde2 Rxe5 25. Rxe5 Rb6 26. Nc4 Rc6 27. h3 h6 {1-0 Secula,V-Lorenzen Hamburg-ch 1958 (4)}) 13... Qf4 14. Rfe1 a6 15. g3 Qh6 16. Nc7 Rb8 17. h4 Bd7 18. c4 Kh8 19. Nxe6 Bxe6 20. Qxe6 Rbe8 21. Qf5 Ne4 22. Qxd5 Nb4 23. Qd4 Nd2 24. Nxd2 Rxe1+ 25. Rxe1 Qxd2 26. Re7 Rg8 27. Rd7 Nxd3 28. Qxd3 Qxb2 29. Rd8 h6 30. Rxg8+ Kxg8 31. Qd5+ Kh8 32. c5 Qb5 33. Kg2 a5 34. a4 Qb4 35. Qd8+ Kh7 36. Qd3+ Kh8 37. Qd8+ Kh7 38. Qd3+ Kh8 39. Qd5 Kh7 40. Qf5+ Kh8 41. c6 bxc6 42. Qc8+ Kh7 43. Qxc6 Qe1 44. Qc2+ Kg8 45. Kf3 Qh1+ 46. Kf4 Qe1 47. Qc4+ Kf8 48. Qd4 Kf7 49. Kf3 Kf8 50. Qc4 Qd1+ 51. Ke4 Qg4+ 52. Kd5 Qf3+ 53. Kd6 g5 54. hxg5 hxg5 55. Qd4 Qf5 56. Kc6 Kg8 57. Qd5+ 1-0

[Event "45th Olympiad 2024"]
[Site "Budapest HUN"]
[Date "2024.09.15"]
[Round "5.41"]
[Board "1"]
[White "Ashiku, Franc"]
[Black "Christie, Joshua"]
[Result "1/2-1/2"]
[WhiteElo "2400"]
[BlackElo "2271"]
[PlyCount "166"]
[EventDate "2024.09.11"]
[WhiteTeam "Albania"]
[BlackTeam "Jamaica"]
[WhiteTeamCountry "ALB"]
[BlackTeamCountry "JAM"]

1. d4 Nf6 2. Nf3 e6 3. Bf4 c5 4. e3 d5 5. Nbd2 Bd6 6. dxc5 Bxc5 7. Bd3 Nc6 8. O-O O-O 9. c4 ({RR} 9. c3 h6 10. Re1 Re8 11. e4 e5 12. Bg3 d4 13. Nb3 Bb6 14. cxd4 Nxd4 15. Nxe5 Nxb3 16. Qxb3 Bxf2+ 17. Bxf2 Rxe5 18. Rad1 Be6 19. Qc3 Qa5 20. b4 Qxa2 21. Rd2 Qb3 22. Qxe5 Qxb4 23. Qb2 Qa5 {1-0 Moroni,L (2558)-Jaskolka,T (2258) Titled Tue 6th Aug Late 2024 (8)}) 9... Qe7 ({RR} 9... Bd6 10. Bxd6 Qxd6 11. Rc1 Rd8 12. a3 dxc4 13. Bxc4 Bd7 14. Qe2 Rac8 15. Rfd1 Ne5 16. Nxe5 Qxe5 17. Nf3 Qc7 18. Qe1 Qb6 19. Qe2 Qc7 20. Qe1 Qb6 21. Qe2 Qc7 {½-½ Demchenko,A (2655)-Nakamura,H (2745) FIDE Chess.com Grand Swiss 2019 (3)}) 10. Bg3 $146 ({RR} 10. Qb1 Rd8 11. Rd1 h6 12. Bg3 Nh5 13. cxd5 exd5 14. Nb3 Bb6 15. Bh7+ Kh8 16. Bf5 Nxg3 17. hxg3 Qf6 18. Bxc8 Raxc8 19. a4 a5 20. Ra3 Nb4 21. Nbd4 Rc4 22. Rc3 Rdc8 23. Rdc1 g6 24. Nd2 R4c5 {½-½ Solomon,K (2355)-Christie,J (2272) Olympiad-44 Chennai 2022 (9.1)}) ({RR} 10. a3 a5 11. Bg3 Rd8 12. Qe2 d4 13. exd4 Nxd4 14. Nxd4 Bxd4 15. Nf3 Bxb2 16. Bxh7+ Nxh7 17. Qxb2 Qc5 18. Rfd1 Bd7 19. Qxb7 Ba4 20. Rxd8+ Rxd8 21. Ne5 Be8 22. h3 f6 23. Ng4 Qxc4 24. Ne3 Qc6 {0-1 Xiong,J (2687)-Zierk,S (2488) Titled Tuesday intern op 09th Nov blitz 2021 (9)}) 10... Rd8 11. Qe2 h6 12. Rac1 Bb6 13. a3 a5 14. Rfe1 d4 15. exd4 Nxd4 16. Nxd4 Bxd4 17. Rb1 a4 18. Bc2 Bd7 19. Nf3 Bb6 20. Ne5 Be8 21. Bh4 Rd4 22. Nf3 Rdd8 23. Red1 Qc5 24. Bg3 Rac8 25. Ne5 Bc7 26. Bd3 Nd7 27. Ng4 Bxg3 28. hxg3 h5 29. Ne3 Nf6 30. Rd2 Rd6 31. Rbd1 Rcd8 32. Bc2 Bc6 33. Rxd6 Rxd6 34. Rxd6 Qxd6 35. Nd1 Ng4 36. Nc3 Qd7 37. Qd1 Qxd1+ 38. Bxd1 Ne5 39. c5 Nd3 40. Nxa4 Bxa4 41. Bxa4 Nxc5 42. Bd1 g6 43. Bf3 b6 44. b4 Nb3 45. a4 Kf8 46. Bd1 Nd4 47. a5 Nc6 48. axb6 Nxb4 49. b7 Na6 50. f4 Ke7 51. Kf2 Kd6 52. Ke3 Kc7 53. Kd4 Nb8 54. Ba4 f6 55. Be8 Kxb7 56. Bxg6 Kc7 57. Bxh5 Kd6 58. Bf3 Nd7 59. Bd1 f5 60. Bc2 Nf6 61. Bd1 Nd7 62. Bf3 Nf6 63. Ke3 Kc5 64. Bd1 Nd5+ 65. Kf2 Kd6 66. Bc2 Ke7 67. Bd1 Kd6 68. Bf3 Nf6 69. Kg1 Ke7 70. Kh2 Nd7 71. g4 fxg4 72. Bxg4 Nc5 73. Kg3 Kf6 74. Bh3 e5 75. f5 Ne4+ 76. Kh4 Ng5 77. g4 e4 78. Bg2 e3 79. Kg3 e2 80. Kf2 Ke5 81. Kxe2 Kf4 82. f6 Kxg4 83. f7 Nxf7 1/2-1/2

[Event "45th Olympiad 2024"]
[Site "Budapest HUN"]
[Date "2024.09.15"]
[Round "5.41"]
[Board "3"]
[White "Veleshnja, Zino"]
[Black "Glaves, Raheem"]
[Result "1/2-1/2"]
[WhiteElo "2294"]
[BlackElo "2094"]
[PlyCount "94"]
[EventDate "2024.09.11"]
[WhiteTeam "Albania"]
[BlackTeam "Jamaica"]
[WhiteTeamCountry "ALB"]
[BlackTeamCountry "JAM"]

1. d4 Nf6 2. c4 e6 3. g3 Bb4+ 4. Bd2 Qe7 5. Nf3 O-O 6. Bg2 Bxd2+ 7. Qxd2 d6 8. Nc3 Nc6 ({RR} 8... c5 9. O-O Nc6 10. Rfd1 Rd8 11. e3 Rb8 12. Ne1 Bd7 13. b3 b6 14. d5 exd5 15. Nxd5 Nxd5 16. Qxd5 Be8 17. Nd3 b5 18. Nf4 Ne5 19. cxb5 Bxb5 20. Qd2 Bc6 21. Nd5 Bxd5 22. Qxd5 g6 23. Rd2 {½-½ Rustemov,A (2525)-Kamsky,G (2666) Chess.com Rapid Wk24 Swiss 2022 (9)}) 9. O-O Rd8 $146 ({RR} 9... h6 10. Rac1 a6 11. d5 Nd8 12. dxe6 Nxe6 13. b4 Re8 14. Rfe1 Nf8 15. Nd5 Qd8 16. Nxf6+ Qxf6 17. c5 Rd8 18. cxd6 Rxd6 19. Qc2 c6 20. Nd2 Qe7 21. Nc4 Rd8 22. Nb6 Rb8 23. Nxc8 Rbxc8 24. a3 {½-½ Adorjan,A (2560)-Csom,I (2505) Szirak 1986}) ({RR} 9... a5 10. Rfe1 e5 11. Nd5 Nxd5 12. cxd5 Nxd4 13. Nxd4 exd4 14. Qxd4 f5 15. Rac1 Rf7 16. e4 f4 17. e5 fxg3 18. hxg3 Bf5 19. e6 Rff8 20. Rc3 b6 21. Rec1 Ra7 22. Rc4 h5 23. Qc3 Rc8 24. Rc6 {1-0 Iskusnyh,S (2473)-Curtis,J (2292) Titled Tuesday intern op 08th Mar Late blitz 2022 (6)}) ({RR} 9... Rb8 10. Rac1 b6 11. d5 Na5 12. b3 e5 13. Ne1 Re8 14. e4 Nb7 15. b4 a5 16. a3 Bd7 17. Nd3 Ra8 18. f4 axb4 19. axb4 Ra3 20. Qb2 Raa8 21. f5 Red8 22. h4 Be8 23. Bh3 h5 24. Rc2 {0-1 Manion,J (2360)-Denker,A (2265) World op 23rd 1995 (2)}) 10. e4 e5 11. Nd5 Nxd5 12. cxd5 Nxd4 13. Nxd4 exd4 14. Qxd4 c5 15. Qd2 Bd7 16. f4 f5 17. e5 dxe5 18. d6 Qf6 19. Qd5+ Be6 20. fxe5 Bxd5 21. Bxd5+ Qf7 22. Rad1 Kf8 23. Bxf7 Kxf7 24. Rxf5+ Ke6 25. Rf2 Rd7 26. Kg2 Rc8 27. h4 c4 28. Kh3 b5 29. Kg4 h6 30. h5 b4 31. Rc2 c3 32. Rd4 a5 33. bxc3 bxc3 34. Kf4 Rc5 35. Re4 Rf7+ 36. Ke3 Rxe5 37. Rxc3 Rxe4+ 38. Kxe4 Kxd6 39. Rd3+ Kc5 40. Ke5 a4 41. g4 Kb4 42. a3+ Kc4 43. Rg3 Rf6 44. g5 hxg5 45. Rxg5 Rh6 46. Kf5 Kb3 47. Kg4 Rh7 1/2-1/2

[Event "45th Olympiad 2024"]
[Site "Budapest HUN"]
[Date "2024.09.15"]
[Round "5.41"]
[Board "4"]
[White "McKennis, Darren"]
[Black "Xhembulla, Aleksander"]
[Result "0-1"]
[WhiteElo "1905"]
[BlackElo "2169"]
[PlyCount "74"]
[EventDate "2024.09.11"]
[WhiteTeam "Jamaica"]
[BlackTeam "Albania"]
[WhiteTeamCountry "JAM"]
[BlackTeamCountry "ALB"]

1. d4 Nf6 2. c4 e6 3. Nc3 d5 4. cxd5 exd5 5. Bg5 c6 6. e3 h6 7. Bh4 Be7 8. Bd3 O-O 9. Qc2 Re8 10. Nf3 Ne4 11. Bxe7 Qxe7 12. O-O Bf5 13. Nd2 Nxd2 14. Qxd2 Bxd3 15. Qxd3 Nd7 16. Rfc1 $146 ({RR} 16. a3 Nb6 17. b4 a6 18. Rfb1 Rec8 19. Qc2 Nc4 20. Na4 b5 21. Nb2 a5 22. Nxc4 dxc4 23. Qc3 axb4 24. axb4 Qb7 25. Rxa8 Rxa8 26. Ra1 Ra6 27. g3 Qa8 28. Ra5 Rxa5 29. bxa5 Qa7 30. Qb4 f6 {½-½ Leszczewicz,K (1588)-Mazurek,J (1726) 266th YMCA Autumn A 2022 (11)}) ({RR} 16. b4 a6 17. a4 Nb6 18. b5 axb5 19. axb5 c5 20. dxc5 Qxc5 21. Ne2 Qc4 22. Qxc4 dxc4 23. Nd4 Kf8 24. Rfc1 g6 25. Kf1 Ke7 26. Ke2 Kd6 27. Rab1 Ra2+ 28. Kf3 Kc5 29. Nb3+ Kd6 30. Rd1+ Ke5 {½-½ Dias,S (1954)-Pal,R (2077) IV Mindsports Int Open 2024 (5.20)}) 16... Nb6 17. Qc2 Nc4 18. b3 Nd6 19. Na4 h5 20. h3 g6 21. Nc5 Kg7 22. a4 Qg5 23. Nd3 Re7 24. Qe2 Nf5 25. Ne5 Rae8 26. Nf3 Qf6 27. b4 Nxd4 28. Nxd4 Qxd4 29. b5 Qf6 30. bxc6 bxc6 31. Qa6 Rc7 32. Qa5 Rb7 33. Ra2 d4 34. exd4 Qxd4 35. Rxc6 Rb1+ 36. Kh2 Qf4+ 37. g3 Qe4 0-1